000 00247 a2200097 4500
001 51016
100 _aWalpole Ronald E
245 _aProbability & Stats for Engineers & Scientists
260 _aNew York
_bMacmillan Pub
_c
090 _c32303
_d32303
942 _aNUST-CAE
_cM
_c24785
999 _c286089
_d286089